KOHA-Header-6

Product Management (Record no. 13968)

000 -LEADER
fixed length control field 00333nam a22001337a 4500
020 ## - INTERNATIONAL STANDARD BOOK NUMBER
ISBN 9780070603486
082 ## - DEWEY DECIMAL CLASSIFICATION NUMBER
Classification number 658.56
100 ## - MAIN ENTRY--AUTHOR NAME
Personal name Donlad R. Lehmann ; Russell S. Winer
245 ## - TITLE STATEMENT
Title Product Management
250 ## - EDITION STATEMENT
Edition statement Fourth Edition
260 ## - PUBLICATION, DISTRIBUTION, ETC. (IMPRINT)
Place of publication New Delhi
Name of publisher TATA McGraw Hill Publishing
Year of publication 2005
300 ## - PHYSICAL DESCRIPTION
Number of Pages 494 pages
942 ## - ADDED ENTRY ELEMENTS (KOHA)
Koha item type Books
Holdings
Withdrawn status Lost status Collection code Permanent Location Current Location Shelving location Date acquired Full call number Accession Number Koha item type
    Management MAJU MAJU Shelf No.A-7 2024-09-10 658.56 11064 Books

Powered by Koha